000 00340 a2200169 4500
001 165335
020 _a85-85672-31-5
040 _cMagnum
100 _aQueiros, Bartolomeu Campos
240 1 0 _aIndez
_lpor
245 1 0 _aIndez
300 _a98
362 0 _a1999
440 1 _aMiguilim
697 _aLITERATURA JUVENIL
942 _cBK
999 _c165335
_d165335